000 00972cam0a220028900 4500
001 tmp15760848
003 UPRA
005 20190822114812.0
007 sdubmmennuuune
008 951023n sa u
028 0 2 _aSWN 18074 Westminster
_bSWN 18074 Westminster
035 _a(Sirsi) r51817
035 _a(UPRA)tmp15760848
040 _cUPRA
041 0 _geng
100 1 _aBruckner, Anton, 1824-1895.
_dBruckner, Anton, 1824-1895.
_6A10104.1
240 _a10a26.1..1.9 n26.1..11.6 r26.1..18.8
_hSound recording
245 1 0 _aSymphony no. 6 in A major
_h[sound recording] :
_b(original version).
260 _aJohannesburg :
_bWestminster.
500 _aSleeve notes by Gabriel Engel.
511 0 _aVienna Symphony Orchestra conducted by Henry Swoboda.
650 0 _aSymphonies.
_6S6145.1
700 1 _aSwoboda, Henry.
_6A10105.1
710 2 _aWiener Symphoniker.
_6A9245.1
949 _aM1001
_wlcc
_i-65714
_mMAIN
_tBOOK
_lON-SHELF
004 51817
999 _c133441
_d133441